Rathnam's advanced costing adviser : (Record no. 131551)

MARC details
000 -LEADER
fixed length control field 00693nam a22002297a 4500
005 - DATE AND TIME OF LATEST TRANSACTION
control field 20170124110130.0
010 ## - LIBRARY OF CONGRESS CONTROL NUMBER
LC control number A-383653
020 ## - INTERNATIONAL STANDARD BOOK NUMBER
Terms of availability 70.00
035 ## - SYSTEM CONTROL NUMBER
System control number A-383653
037 ## - SOURCE OF ACQUISITION
Source of stock number/acquisition Cen Lib/Ret
040 ## - CATALOGING SOURCE
Original cataloging agency DPL
Language of cataloging EN
082 ## - DEWEY DECIMAL CLASSIFICATION NUMBER
Classification number 657.42
Item number RAT
100 ## - MAIN ENTRY--PERSONAL NAME
Personal name Rathnam, P.V.
9 (RLIN) 32075
245 ## - TITLE STATEMENT
Title Rathnam's advanced costing adviser :
Statement of responsibility, etc by P.V.Rathnam [and] P.Lalitha
Remainder of title problems & solutions /
260 ## - PUBLICATION, DISTRIBUTION, ETC. (IMPRINT)
Place of publication, distribution, etc New Delhi
Name of publisher, distributor, etc Kitab Mahal
Date of publication, distribution, etc 1989
270 ## - ADDRESS
Address 28, Netaji Subhash Marg
City New Delhi
Postal code 110002
300 ## - PHYSICAL DESCRIPTION
Extent 636p.
Dimensions 21cm(Hb)
650 ## - SUBJECT ADDED ENTRY--TOPICAL TERM
Topical term or geographic name as entry element Cost accounting
9 (RLIN) 32076
650 ## - SUBJECT ADDED ENTRY--TOPICAL TERM
Topical term or geographic name as entry element Marginal costing
9 (RLIN) 32077
700 ## - ADDED ENTRY--PERSONAL NAME
Personal name Lalitha, P.
9 (RLIN) 26141
942 ## - ADDED ENTRY ELEMENTS (KOHA)
Source of classification or shelving scheme Dewey Decimal Classification
Koha item type English Books
Classification part 657.42
Call number suffix RAT
Holdings
Withdrawn status Lost status Damaged status Not for loan Home library Current library Date acquired Source of acquisition Cost, normal purchase price Total Checkouts Full call number Barcode Date last seen Copy number Cost, replacement price Price effective from Koha item type
Withdrawn       Central Library Central Library 15/07/2015 Cen Lib/Ret 70.00   657.42 RAT A-383653 15/07/2015 1 70.00 15/07/2015 English Books

© Delhi Public Library
Hit Counter
free hit counter